Don Camilo y los jóvenes de hoy (Record no. 75755)

MARC details
000 -LEADER
campo de control de longitud fija 00654nam a2200217 i 4500
001 - NÚMERO DE CONTROL
campo de control 75755
003 - IDENTIFICADOR DE NÚMERO DE CONTROL
campo de control ES-MaACL
005 - FECHA Y HORA DE LA ÚLTIMA TRANSACCIÓN
campo de control 20230906172602.0
007 - CAMPO FIJO DE DESCRIPCIÓN FÍSICA--INFORMACIÓN GENERAL
campo de control de longitud fija t|
008 - DATOS DE LONGITUD FIJA--INFORMACIÓN GENERAL
campo de control de longitud fija 040927s1974 sp |||| | spa d
080 ## - NÚMERO DE LA CLASIFICACIÓN DECIMAL UNIVERSAL
Número de la Clasificación Decimal Universal 821.131.1-31"19"
100 1# - ENTRADA PRINCIPAL--NOMBRE DE PERSONA
Nombre de persona Guareschi, Giovanni.
9 (RLIN) 60332
245 10 - MENCIÓN DEL TÍTULO
Título Don Camilo y los jóvenes de hoy
Resto del título : novela /
Mención de responsabilidad, etc. Giovanni Guareschi ; [traducción de Domingo Pruna].
260 ## - PUBLICACIÓN, DISTRIBUCIÓN, ETC.
Lugar de publicación, distribución, etc. Esplugas de Llobregat (Barcelona) :
Nombre del editor, distribuidor, etc. Plaza & Janés,
Fecha de publicación, distribución, etc. [1974]
300 ## - DESCRIPCIÓN FÍSICA
Extensión 138 p. ;
Dimensiones 19 cm.
490 1# - MENCIÓN DE SERIE
Mención de serie Rotativa
700 1# - ENTRADA AGREGADA--NOMBRE PERSONAL
Nombre de persona Pruna, Domingo.
9 (RLIN) 94081
830 0# - PUNTO DE ACCESO ADICIONAL DE SERIE-TÍTULO UNIFORME
Título uniforme Rotativa
9 (RLIN) 179597
852 ## - LOCALIZACIÓN
Ubicación ES-MaACL
Número de control de estantería E-5959
Holdings
Estatus retirado Estado de pérdida Estado de daño No para préstamo Biblioteca de origen Biblioteca actual Ubicación en estantería Fecha de adquisición Fuente de adquisición Total de préstamos Signatura topográfica completa Código de barras Visto por última vez Precio de reemplazo Tipo de ítem Koha
        Biblioteca del Ateneo de Madrid Biblioteca del Ateneo de Madrid Depósito 2 17/01/2008     E-5959 1079290 23/02/2023 23/02/2023 Libro impreso